[Event "28.Schlosspark-Open"]
[Site "Wiesbaden-Biebrich"]
[Date "2016.08.28"]
[Round "6.1"]
[White "Carlstedt, Jonathan"]
[Black "Khenkin, Igor"]
[Result "0-1"]
[WhiteElo "2450"]
[BlackElo "2553"]
[PlyCount "80"]
[EventDate "2016.??.??"]
[WhiteTeam "Hamburger SK"]
[BlackTeam "SG Porz"]

1. d4 d5 2. c4 c6 3. Nf3 Nf6 4. Nc3 e6 5. Bg5 h6 6. Bxf6 Qxf6 7. e3 Nd7 8. Bd3
dxc4 9. Bxc4 g6 10. O-O Bg7 11. Re1 Qe7 12. e4 b5 13. Bd3 O-O 14. e5 Rb8 15.
Rc1 c5 16. d5 c4 17. d6 Qd8 18. Bb1 Bb7 19. Be4 Bxe4 20. Rxe4 Nc5 21. Re3 Nd3
22. Rc2 Qb6 23. b3 Rfd8 24. Rd2 Qa5 25. Ne2 Rbc8 26. g3 Rc5 27. Ned4 Qb6 28. a4
bxa4 29. bxc4 Nxe5 30. Nxe5 Bxe5 31. Nf3 Bf6 32. Qxa4 Ra5 33. c5 Qxc5 34. Qf4
Kg7 35. Red3 Ra1+ 36. Kg2 Qc1 37. g4 Qc6 38. Kh3 Ra4 39. Nd4 Qa6 40. Qe3 Rxd6
0-1

[Event "28.Schlosspark-Open"]
[Site "Wiesbaden-Biebrich"]
[Date "2016.08.28"]
[Round "6.2"]
[White "Kollars, Dmitrij"]
[Black "Ikonnikov, Vyacheslav"]
[Result "1/2-1/2"]
[WhiteElo "2483"]
[BlackElo "2536"]
[PlyCount "128"]
[EventDate "2016.??.??"]
[WhiteTeam "Hamburger SK"]
[BlackTeam "SF Bad Mergentheim"]

1. e4 d6 2. d4 Nf6 3. Nc3 g6 4. f4 Bg7 5. Nf3 O-O 6. e5 dxe5 7. fxe5 Nd5 8. Bc4
Nb6 9. Bb3 Nc6 10. a4 Bg4 11. a5 Bxf3 12. gxf3 Nc8 13. Be3 e6 14. Ne4 Qh4+ 15.
Bf2 Qf4 16. c3 N8e7 17. Bg3 Qe3+ 18. Qe2 Qxe2+ 19. Kxe2 Nf5 20. Rhd1 b6 21.
axb6 axb6 22. Bc4 Nce7 23. Nf6+ Bxf6 24. exf6 Nxg3+ 25. hxg3 Nf5 26. g4 Nd6 27.
Bd3 g5 28. Rxa8 Rxa8 29. Rh1 Ra2 30. Bxh7+ Kf8 31. Be4 Kg8 32. Bh7+ Kf8 33. Be4
Kg8 34. Ke3 Rxb2 35. Bh7+ Kf8 36. Be4 Kg8 37. Ra1 Nxe4 38. fxe4 Rg2 39. e5 Rxg4
40. Ra8+ Kh7 41. Rf8 Kg6 42. Kd3 c5 43. Rg8+ Kf5 44. Rg7 cxd4 45. cxd4 b5 46.
Rxf7 Rg3+ 47. Ke2 Ke4 48. Rb7 Re3+ 49. Kf2 Rf3+ 50. Kg2 g4 51. Rg7 Rf5 52.
Rxg4+ Kd5 53. Kg3 b4 54. Rf4 b3 55. Rxf5 exf5 56. f7 b2 57. f8=Q b1=Q 58. Qd6+
Ke4 59. e6 Qg1+ 60. Kh3 Qg4+ 61. Kh2 Qe2+ 62. Kh3 Qg4+ 63. Kh2 Qe2+ 64. Kh3
Qg4+ 1/2-1/2

[Event "28.Schlosspark-Open"]
[Site "Wiesbaden-Biebrich"]
[Date "2016.08.28"]
[Round "6.3"]
[White "Malek, Daniel"]
[Black "Kveinys, Aloyzas"]
[Result "0-1"]
[WhiteElo "2430"]
[BlackElo "2509"]
[PlyCount "128"]
[EventDate "2016.??.??"]
[WhiteTeam "SK Zehlendorf"]
[BlackTeam "vereinslos"]

1. d4 Nf6 2. c4 e6 3. Nc3 Bb4 4. e3 O-O 5. Nge2 Re8 6. a3 Bf8 7. d5 e5 8. Ng3
a5 9. Bd3 Na6 10. O-O c6 11. Rb1 g6 12. e4 d6 13. Kh1 Bg7 14. h3 h5 15. Bg5 Qc7
16. Qd2 Nc5 17. Bc2 a4 18. Be3 cxd5 19. cxd5 Bd7 20. Nge2 Qa5 21. Nc1 Rec8 22.
N1a2 Na6 23. f4 Bb5 24. fxe5 dxe5 25. Bd3 Bc4 26. Bxc4 Rxc4 27. Qd3 b5 28. Rf2
Nd7 29. d6 Nac5 30. Qd5 Rf8 31. Rbf1 Nb6 32. Qc6 Rc8 33. Qxb5 Qxb5 34. Nxb5 f6
35. Bxc5 R8xc5 36. Nac3 Nd7 37. Rd1 Bh6 38. Rd5 Rxe4 39. Rxc5 Re1+ 40. Kh2 Nxc5
41. Rxf6 Kg7 42. Rf2 h4 43. g3 Re3 44. gxh4 Bf4+ 45. Kg2 Rg3+ 46. Kf1 Rxh3 47.
Nd5 Rxh4 48. Nxf4 Rxf4 49. Rxf4 exf4 50. Ke2 Kf6 51. Kf3 g5 52. Kg4 Ke5 53. Nc3
Kxd6 54. Kxg5 f3 55. Nd1 Ke5 56. Kg4 Ke4 57. Kg3 Nd3 58. Nc3+ Ke3 59. Nd5+ Kd4
60. Nc3 f2 61. Kg2 Ke3 62. Kf1 Nxb2 63. Kg2 Kd3 64. Nd5 Ke2 0-1

[Event "28.Schlosspark-Open"]
[Site "Wiesbaden-Biebrich"]
[Date "2016.08.28"]
[Round "6.4"]
[White "Gutman, Lev"]
[Black "Poetsch, Hagen"]
[Result "1-0"]
[WhiteElo "2439"]
[BlackElo "2501"]
[PlyCount "69"]
[EventDate "2016.??.??"]
[WhiteTeam "SV Lingen"]
[BlackTeam "SF Schöneck"]

1. Nf3 d5 2. g3 g6 3. Bg2 Bg7 4. d4 Nf6 5. O-O O-O 6. c4 dxc4 7. Na3 c3 8. bxc3
c5 9. Nc4 Nc6 10. Nce5 Nxe5 11. Nxe5 Ng4 12. Nf3 Qa5 13. Qb3 cxd4 14. cxd4 e5
15. e3 exd4 16. exd4 Qh5 17. h3 Nf6 18. Ng5 Be6 19. Nxe6 fxe6 20. Qxe6+ Kh8 21.
Qe5 Rad8 22. Rb1 b6 23. Rb5 g5 24. Qxg5 Qf7 25. d5 Qe8 26. Rb4 Qe7 27. Rh4 Qe2
28. a4 Rde8 29. Qd2 Qa6 30. Ba3 Re2 31. Qb4 Rfe8 32. Bb2 Qd3 33. Bd4 Nd7 34.
Bxg7+ Kxg7 35. Qg4+ 1-0

[Event "28.Schlosspark-Open"]
[Site "Wiesbaden-Biebrich"]
[Date "2016.08.28"]
[Round "6.5"]
[White "Spitzl, Vinzent"]
[Black "Boidman, Yuri"]
[Result "1/2-1/2"]
[WhiteElo "2238"]
[BlackElo "2315"]
[PlyCount "115"]
[EventDate "2016.??.??"]
[WhiteTeam "SV Griesheim"]
[BlackTeam "SC Heimbach-Weis"]

1. e4 c5 2. Nf3 a6 3. c3 d5 4. exd5 Qxd5 5. d4 e6 6. Be2 Nc6 7. O-O Nf6 8. Be3
cxd4 9. Nxd4 Nxd4 10. Bxd4 Bc5 11. Bxf6 Qxd1 12. Rxd1 gxf6 13. Bf3 Ke7 14. Nd2
f5 15. Nc4 Rb8 16. a4 f6 17. b4 Ba7 18. Na5 e5 19. Bd5 Rd8 20. Kf1 Bb6 21. Nb3
Be6 22. Bxe6 Kxe6 23. c4 Rbc8 24. c5 Rxd1+ 25. Rxd1 Rd8 26. Rb1 Bc7 27. Na5 b6
28. cxb6 Bxb6 29. Nc4 Bd4 30. b5 axb5 31. axb5 Rc8 32. b6 Rxc4 33. b7 Ba7 34.
b8=Q Bxb8 35. Rxb8 Rc1+ 36. Ke2 Rc2+ 37. Ke1 f4 38. Rb7 Rc1+ 39. Ke2 Rg1 40. g3
fxg3 41. hxg3 Rh1 42. Kf3 Kf5 43. Kg2 Rh6 44. Rg7 Ke6 45. Ra7 Kd5 46. Ra5+ Kc4
47. Ra7 Rh5 48. Rf7 f5 49. Ra7 Kd5 50. Ra5+ Ke6 51. Ra6+ Kf7 52. Ra7+ Kg6 53.
Ra6+ Kg5 54. Re6 e4 55. f3 exf3+ 56. Kxf3 Rh1 57. Re8 Rf1+ 58. Kg2 1/2-1/2

[Event "28.Schlosspark-Open"]
[Site "Wiesbaden-Biebrich"]
[Date "2016.08.28"]
[Round "6.6"]
[White "Bauer, Björn-Benny"]
[Black "Rolle, Eric"]
[Result "1-0"]
[WhiteElo "2251"]
[BlackElo "2200"]
[PlyCount "85"]
[EventDate "2016.??.??"]
[WhiteTeam "SK Gau-Algesheim"]
[BlackTeam "SK Marburg"]

1. d4 Nf6 2. c4 e6 3. Nf3 Bb4+ 4. Bd2 Qe7 5. g3 Nc6 6. e3 Bxd2+ 7. Qxd2 O-O 8.
Bg2 Ne4 9. Qc2 Qb4+ 10. Nbd2 Nxd2 11. Nxd2 Qe7 12. O-O d6 13. Qc3 a5 14. b3 Bd7
15. a3 e5 16. d5 Nb8 17. b4 c6 18. e4 cxd5 19. exd5 Rc8 20. bxa5 Na6 21. f4 f6
22. fxe5 fxe5 23. Rab1 Nc5 24. Ne4 Nxe4 25. Bxe4 Bh3 26. Rfe1 g6 27. Rb6 Qc7
28. Qb4 Qc5+ 29. Qxc5 Rxc5 30. Rxd6 Raxa5 31. Rb6 Ra4 32. d6 Kf8 33. Bd5 Ra6
34. Reb1 Rxa3 35. Rxb7 Ra6 36. Rb8+ Kg7 37. d7 Bxd7 38. R1b7 Ra1+ 39. Kf2 Rca5
40. Rxd7+ Kh6 41. Rb2 Rc1 42. Rbb7 Ra2+ 43. Kf3 1-0

[Event "28.Schlosspark-Open"]
[Site "Wiesbaden-Biebrich"]
[Date "2016.08.28"]
[Round "6.7"]
[White "Färber, David"]
[Black "Henrich, Thomas"]
[Result "1/2-1/2"]
[WhiteElo "2115"]
[BlackElo "2240"]
[PlyCount "132"]
[EventDate "2016.??.??"]
[WhiteTeam "SV Walldorf"]
[BlackTeam "SK Marburg"]

1. e4 c5 2. Nf3 d6 3. d4 cxd4 4. Nxd4 Nf6 5. Nc3 Bd7 6. Bg5 e6 7. f4 Be7 8. Qf3
Nc6 9. O-O-O Nxd4 10. Rxd4 Bc6 11. Be2 h6 12. Bh4 Qa5 13. Rhd1 Nxe4 14. Nxe4
Bxh4 15. Nxd6+ Kf8 16. Qb3 Bf6 17. Rb4 Be7 18. Rbd4 Qb6 19. g3 Qxb3 20. axb3 g5
21. b4 Bf6 22. R4d2 a6 23. Bh5 Rh7 24. Nc4 Be7 25. c3 Ba4 26. Re1 Bb5 27. Nd6
Bc6 28. Nc4 Rc8 29. Nb6 Rc7 30. Na8 Rc8 31. Nb6 Rd8 32. Nc4 Rxd2 33. Kxd2 gxf4
34. gxf4 Rg7 35. Ne5 Be8 36. Bf3 Bh4 37. Re2 b6 38. Rg2 Bd8 39. Rxg7 Kxg7 40.
Ke3 Bc7 41. Bb7 f6 42. Nc4 a5 43. bxa5 bxa5 44. b4 axb4 45. cxb4 Kg6 46. Kf3
Ba4 47. Ne3 Bd6 48. Bc8 Bc6+ 49. Kg3 Kf7 50. b5 Bxb5 51. Bb7 Bd3 52. Kf3 Bc5
53. Ng2 Bc4 54. Ne3 Bb3 55. Be4 Bb4 56. f5 h5 57. fxe6+ Kxe6 58. Bg6 h4 59. Bc2
Bxc2 60. Nxc2 Bc5 61. h3 Ke5 62. Ne1 Kf5 63. Ng2 Kg5 64. Nf4 Bd6 65. Nd5 Bg3
66. Nxf6 Kxf6 1/2-1/2

[Event "28.Schlosspark-Open"]
[Site "Wiesbaden-Biebrich"]
[Date "2016.08.28"]
[Round "6.8"]
[White "Grimm, Julius"]
[Black "Neukirchner, Pascal"]
[Result "1-0"]
[WhiteElo "2288"]
[BlackElo "2082"]
[PlyCount "57"]
[EventDate "2016.??.??"]
[WhiteTeam "SV Griesheim"]
[BlackTeam "SK Gründau"]

1. d4 Nf6 2. c4 e6 3. Nc3 Bb4 4. e3 O-O 5. Bd3 d5 6. Nf3 c5 7. O-O dxc4 8. Bxc4
Qc7 9. Qe2 Bxc3 10. bxc3 b6 11. e4 Bb7 12. Bd3 Nbd7 13. e5 Nd5 14. Bd2 Rfd8 15.
Ng5 Nf8 16. Ne4 Ne7 17. Nd6 Bd5 18. f4 g6 19. g4 Nc8 20. Ne4 Nd7 21. f5 exf5
22. gxf5 gxf5 23. Rxf5 Ne7 24. Rg5+ Kh8 25. Qh5 Rg8 26. Kf2 Qc6 27. Qxh7+ Kxh7
28. Nf6+ Kh6 29. Rxg8# 1-0

[Event "28.Schlosspark-Open"]
[Site "Wiesbaden-Biebrich"]
[Date "2016.08.28"]
[Round "6.9"]
[White "Ehmann, Thilo"]
[Black "Kregelin, Jan"]
[Result "0-1"]
[WhiteElo "2283"]
[BlackElo "2101"]
[PlyCount "96"]
[EventDate "2016.??.??"]
[WhiteTeam "SF Sasbach"]
[BlackTeam "FVS ASP Hoyerswerda"]

1. e4 c5 2. Nf3 d6 3. d4 cxd4 4. Nxd4 Nf6 5. Nc3 a6 6. f3 e5 7. Nb3 Be7 8. Be3
Be6 9. Qd2 O-O 10. O-O-O a5 11. Kb1 a4 12. Nc1 a3 13. b3 Ra5 14. Bc4 Nbd7 15.
Nd5 Nxd5 16. exd5 Bf5 17. g4 Bg6 18. h4 f5 19. h5 Be8 20. gxf5 Rxf5 21. Rdg1
Rxh5 22. Qg2 Bf6 23. Bd3 Nc5 24. Rxh5 Bxh5 25. Bf5 Ra8 26. Qh3 Bg6 27. Bxg6
hxg6 28. Rh1 Qc8 29. Qh2 Kf7 30. Ne2 Qf5 31. Qg2 e4 32. f4 Qxd5 33. Ng3 Re8 34.
Qe2 b6 35. Rd1 Qe6 36. Qd2 Rd8 37. Ne2 d5 38. Nd4 Qd7 39. Rg1 Ne6 40. f5 gxf5
41. Nxf5 d4 42. Bh6 Qd5 43. Nxg7 Nxg7 44. Qf4 Ne6 45. Qg4 d3 46. Qg6+ Ke7 47.
Qh7+ Kd6 48. Bd2 Qd4 0-1

[Event "28.Schlosspark-Open"]
[Site "Wiesbaden-Biebrich"]
[Date "2016.08.28"]
[Round "6.10"]
[White "Kaspereit, Holger"]
[Black "Kersten, Uwe"]
[Result "0-1"]
[WhiteElo "2077"]
[BlackElo "2274"]
[PlyCount "82"]
[EventDate "2016.??.??"]
[WhiteTeam "SK Ebringen"]
[BlackTeam "Kasseler SK"]

1. e4 c5 2. d4 cxd4 3. c3 Nf6 4. e5 Nd5 5. Qxd4 e6 6. Nf3 Nc6 7. Qe4 Qc7 8. g3
Nde7 9. Bg2 Ng6 10. Bf4 Nxf4 11. Qxf4 d6 12. exd6 Bxd6 13. Qe3 O-O 14. O-O b6
15. Nbd2 Bb7 16. Ne4 Be7 17. h4 Rad8 18. Rfd1 h6 19. Qe2 Rxd1+ 20. Rxd1 Rd8 21.
Rxd8+ Qxd8 22. Qd2 Qc7 23. Qe2 Kf8 24. Ned2 g6 25. Nb3 Bf6 26. Qe3 Kg7 27. Nfd4
Ne5 28. Nd2 Bxg2 29. Kxg2 Nc4 30. Nxc4 Qxc4 31. Nb3 h5 32. f3 Qa4 33. Qe2 Qxa2
34. Nc1 Qd5 35. Nd3 a5 36. Nf4 Qf5 37. Qd3 Qxd3 38. Nxd3 a4 39. Kf2 Kf8 40. Ke3
Ke7 41. Nf2 Bxc3 0-1

[Event "28.Schlosspark-Open"]
[Site "Wiesbaden-Biebrich"]
[Date "2016.08.28"]
[Round "6.11"]
[White "Jahnel, Günther"]
[Black "Everett, Elijah"]
[Result "1/2-1/2"]
[WhiteElo "2272"]
[BlackElo "2053"]
[PlyCount "93"]
[EventDate "2016.??.??"]
[WhiteTeam "FVS ASP Hoyerswerda"]
[BlackTeam "SF Schöneck"]

1. d4 Nf6 2. c4 g6 3. Nc3 Bg7 4. Nf3 O-O 5. Bg5 d6 6. e3 c5 7. d5 e6 8. dxe6
Bxe6 9. Be2 Nc6 10. O-O Qb6 11. Rb1 Rfd8 12. e4 Nd4 13. Nxd4 cxd4 14. Nd5 Bxd5
15. exd5 Re8 16. Bd3 Ne4 17. Bf4 Nc5 18. b4 Nd7 19. a4 Ne5 20. a5 Qc7 21. Rc1
b6 22. a6 Qc8 23. b5 Qc5 24. Re1 Rac8 25. Bf1 Rc7 26. Qb3 Rce7 27. Bd2 Qc7 28.
h3 Nd7 29. Rxe7 Rxe7 30. Re1 Nc5 31. Qd1 Qd8 32. Bf4 Qe8 33. Re2 Qd7 34. Bg5
Rxe2 35. Qxe2 Kf8 36. g3 Qe8 37. Bd2 Qxe2 38. Bxe2 Ke7 39. Kf1 Ne4 40. Bb4 Bh8
41. Bd3 Nc5 42. Ke2 Bg7 43. Be1 Nb3 44. Bc2 Nc5 45. f4 h6 46. g4 Bf6 47. Bf2
1/2-1/2

[Event "28.Schlosspark-Open"]
[Site "Wiesbaden-Biebrich"]
[Date "2016.08.28"]
[Round "6.12"]
[White "Kolker, Vladislav"]
[Black "Kiese, Matthias"]
[Result "0-1"]
[WhiteElo "2023"]
[BlackElo "2268"]
[PlyCount "48"]
[EventDate "2016.??.??"]
[WhiteTeam "SC Bad Nauheim"]
[BlackTeam "Bochumer SV"]

1. e4 c5 2. Nf3 d6 3. d4 cxd4 4. Nxd4 Nf6 5. Nc3 a6 6. h3 e6 7. g4 d5 8. Bg2
Bb4 9. exd5 Nxd5 10. Nde2 O-O 11. Bd2 Nxc3 12. Nxc3 Qc7 13. Qe2 Bd7 14. O-O-O
Bc6 15. Bxc6 Nxc6 16. Kb1 Rac8 17. a3 Be7 18. g5 Na5 19. h4 Nc4 20. a4 Qb6 21.
b3 Nxd2+ 22. Qxd2 Bb4 23. Rh3 Qa5 24. Kb2 Rfd8 0-1

[Event "28.Schlosspark-Open"]
[Site "Wiesbaden-Biebrich"]
[Date "2016.08.28"]
[Round "6.13"]
[White "Köllner, Ruben Gideon"]
[Black "Minor, Samuel"]
[Result "0-1"]
[WhiteElo "2053"]
[BlackElo "2189"]
[PlyCount "96"]
[EventDate "2016.??.??"]
[WhiteTeam "SG Bochum"]
[BlackTeam "Wiesbadener SV"]

1. d4 g6 2. e4 Bg7 3. Nf3 d6 4. c3 Nc6 5. Bc4 Nf6 6. Nbd2 O-O 7. O-O Bg4 8. Qc2
d5 9. exd5 Nxd5 10. h3 Bf5 11. Ne4 Rb8 12. Bd3 b6 13. a3 Qd7 14. Re1 h6 15. Bb5
Ncb4 16. Qe2 c6 17. Bc4 Bxe4 18. Qxe4 Nf6 19. Qxg6 Nbd5 20. Qg3 Kh8 21. Ne5 Qd6
22. Qh4 Ng8 23. g4 c5 24. Qh5 Bxe5 25. dxe5 Qe6 26. g5 Rbd8 27. gxh6 Ngf6 28.
Qf3 Rg8+ 29. Kf1 b5 30. Bd3 Nd7 31. Bf5 Qc6 32. e6 fxe6 33. Rxe6 Qc7 34. Qxd5
Nf6 35. Qf3 Qh2 36. Bg4 Nxg4 37. hxg4 Rgf8 38. Bf4 Rxf4 39. Qg2 Qh4 40. Rae1
Rdf8 41. R1e2 Rxg4 42. Qd5 Rg5 43. Qe4 Qh3+ 44. Ke1 Rd8 45. Re3 Rg1+ 46. Ke2
Qf1+ 47. Kf3 Rf8+ 48. Qf4 Qg2+ 0-1

[Event "28.Schlosspark-Open"]
[Site "Wiesbaden-Biebrich"]
[Date "2016.08.28"]
[Round "6.14"]
[White "Henrich, David"]
[Black "Held, Carsten"]
[Result "1/2-1/2"]
[WhiteElo "2178"]
[BlackElo "1989"]
[PlyCount "196"]
[EventDate "2016.??.??"]
[WhiteTeam "SK Niederbrechen"]
[BlackTeam "SC Ladja RoÃŸdorf"]

1. c4 g6 2. g3 Bg7 3. Bg2 c5 4. Nc3 Nc6 5. Rb1 d6 6. a3 Be6 7. d3 a5 8. Qa4 Bd7
9. Qd1 Nf6 10. e3 O-O 11. Nge2 e5 12. O-O Be6 13. Qb3 Rb8 14. Nd5 Bxd5 15. cxd5
Ne7 16. a4 Ne8 17. Nc3 Nc7 18. Nb5 Nxb5 19. Qxb5 b6 20. b3 Qe8 21. Qxe8 Rfxe8
22. Bd2 Rb7 23. Rfc1 Reb8 24. e4 Kf8 25. Kf1 Ng8 26. Ke2 Nf6 27. h3 Ne8 28. Rf1
Kg8 29. h4 h5 30. Ra1 Ra7 31. Ra3 Rab7 32. Bh3 Bf6 33. f3 Ra7 34. Kd1 Nc7 35.
Kc2 Na6 36. Bc3 Kg7 37. Rfa1 Rh8 38. Kd2 Rb7 39. Re1 Re8 40. Rh1 Rh8 41. Bf1
Ra7 42. Be2 Nb4 43. Raa1 Rh7 44. Rhe1 Rh8 45. Bd1 Re8 46. Rg1 Rh8 47. Be2 Na6
48. Raf1 Re7 49. Ba1 Nc7 50. Bc3 Na6 51. f4 Nc7 52. Rf2 Ne8 53. Rgf1 exf4 54.
gxf4 Rf8 55. f5 Rb7 56. Rg1 Kh7 57. Rfg2 gxf5 58. Bxf6 Nxf6 59. Rf2 Rg8 60.
Rxg8 Kxg8 61. Rxf5 Kg7 62. Bxh5 b5 63. axb5 Rxb5 64. Bd1 Rb8 65. Rg5+ Kh6 66.
Ke3 Re8 67. Kf4 Nd7 68. Rf5 Ne5 69. Bc2 Kg7 70. Rg5+ Ng6+ 71. Kg3 f6 72. Rf5
Rh8 73. h5 Ne7 74. Rf1 Rxh5 75. Ra1 f5 76. Rxa5 Kf6 77. Ra8 Ke5 78. Re8 f4+ 79.
Kf3 Rh3+ 80. Kg2 Rh7 81. Rf8 Rg7+ 82. Kf3 Rg3+ 83. Kf2 Rh3 84. Kg2 Rg3+ 85. Kf2
Rh3 86. Rf7 Nxd5 87. Rf5+ Ke6 88. Rxd5 Rh2+ 89. Kf3 Rxc2 90. Kxf4 Rb2 91. d4
cxd4 92. Rxd4 Rxb3 93. Ra4 Rb1 94. Ra5 Rf1+ 95. Ke3 Re1+ 96. Kd3 Rd1+ 97. Ke2
Rh1 98. Rg5 Rh3 1/2-1/2

[Event "28.Schlosspark-Open"]
[Site "Wiesbaden-Biebrich"]
[Date "2016.08.28"]
[Round "6.15"]
[White "Fröhlich-Dill, Astrid"]
[Black "Ruppert, Wolfgang"]
[Result "0-1"]
[WhiteElo "1813"]
[BlackElo "2178"]
[PlyCount "90"]
[EventDate "2016.??.??"]
[WhiteTeam "SV Hofheim"]
[BlackTeam "SC Flörsheim"]

1. d4 g6 2. e4 Bg7 3. Nf3 d6 4. Bd3 Nc6 5. c3 e5 6. d5 Nce7 7. O-O Nf6 8. c4
O-O 9. h3 Ne8 10. Nc3 f5 11. Ng5 h6 12. Ne6 Bxe6 13. dxe6 Qc8 14. Qb3 c6 15. c5
dxc5 16. a4 b6 17. f4 exf4 18. Bxf4 g5 19. Bh2 f4 20. Be2 Bd4+ 21. Kh1 Ng7 22.
Bc4 Kh8 23. Ne2 Qc7 24. h4 Qe5 25. Nxd4 cxd4 26. hxg5 Qxg5 27. Rad1 Nh5 28. Qh3
Ng3+ 29. Bxg3 fxg3 30. Rf7 Rxf7 31. exf7 Kg7 32. Rf1 h5 33. Rf3 h4 34. Kg1 b5
35. axb5 cxb5 36. Bd3 Rf8 37. Qe6 Ng6 38. Rf5 Qe3+ 39. Kh1 Qxd3 40. Qf6+ Kh6
41. Qg5+ Kh7 42. Qf6 Qb1+ 43. Rf1 Qxe4 44. Qg5 Qe2 45. Qf6 h3 0-1

[Event "28.Schlosspark-Open"]
[Site "Wiesbaden-Biebrich"]
[Date "2016.08.28"]
[Round "6.16"]
[White "Heinemann, Ernst"]
[Black "Stork, Oliver"]
[Result "1/2-1/2"]
[WhiteElo "2177"]
[BlackElo "1990"]
[PlyCount "102"]
[EventDate "2016.??.??"]
[WhiteTeam "SK Oldenburg"]
[BlackTeam "SV Oberursel"]

1. e4 c6 2. d4 d5 3. Nc3 dxe4 4. Nxe4 Bf5 5. Ng3 Bg6 6. h4 h6 7. Bc4 e6 8. N1e2
Nf6 9. Nf4 Bh7 10. O-O Bd6 11. c3 Nbd7 12. Bxe6 fxe6 13. Nxe6 Qa5 14. Nxg7+ Kf7
15. N7h5 Qd5 16. Bf4 Nxh5 17. Bxd6 Qxd6 18. Qxh5+ Bg6 19. Qd1 Rhf8 20. Re1 b6
21. Ne4 Bxe4 22. Rxe4 Nf6 23. Re5 Rae8 24. Qe2 c5 25. Re1 cxd4 26. Qc4+ Kg7 27.
cxd4 Ng4 28. Qc3 Nxe5 29. dxe5 Qe6 30. Re3 Qf5 31. e6+ Qf6 32. e7 Rf7 33. Rg3+
Kh8 34. Qd2 Rexe7 35. Rf3 Qe6 36. Re3 Qd7 37. Rd3 Qe6 38. Re3 Rd7 39. Qc3+ Qf6
40. Re8+ Kh7 41. Qc2+ Qf5 42. Qe2 Qf6 43. Qe4+ Qf5 44. Qe2 Qd5 45. Qc2+ Qd3 46.
Qc8 Qb1+ 47. Kh2 Qxb2 48. Rg8 Qe5+ 49. Rg3 Rg7 50. Qc2+ Kh8 51. Qc8+ Kh7
1/2-1/2

[Event "28.Schlosspark-Open"]
[Site "Wiesbaden-Biebrich"]
[Date "2016.08.28"]
[Round "6.17"]
[White "Hahn, Florian"]
[Black "Launert, Martin"]
[Result "1-0"]
[WhiteElo "2145"]
[BlackElo "1880"]
[PlyCount "127"]
[EventDate "2016.??.??"]
[WhiteTeam "SC Herborn"]
[BlackTeam "Sfr. Erbach"]

1. Nf3 Nf6 2. c4 e6 3. g3 d5 4. b3 Nc6 5. d4 Ne4 6. Ba3 Be7 7. Bg2 O-O 8. Bxe7
Qxe7 9. O-O Rd8 10. Qc2 Bd7 11. Nc3 Nxc3 12. Qxc3 Rac8 13. Rac1 Nb4 14. Qb2 Na6
15. Ne5 f6 16. Nxd7 Qxd7 17. cxd5 exd5 18. b4 c6 19. Rc2 Nc7 20. Rfc1 a6 21. a4
Kh8 22. h4 g6 23. Qb3 Ne8 24. b5 axb5 25. axb5 Nd6 26. bxc6 bxc6 27. e3 Nc4 28.
Bf1 Nd6 29. Qb6 Qf5 30. Rxc6 Ne4 31. Qb2 Rxc6 32. Rxc6 g5 33. hxg5 fxg5 34. Bd3
h5 35. Bxe4 dxe4 36. d5+ Kh7 37. Rc7+ Rd7 38. Rxd7+ Qxd7 39. Qe5 Qg4 40. d6 h4
41. d7 Qd1+ 42. Kh2 hxg3+ 43. Qxg3 Qxd7 44. Qxg5 Qd6+ 45. Kh3 Qd3 46. Kg3 Qc2
47. Qf6 Kg8 48. Kh4 Qb1 49. Qf4 Kg7 50. Kg5 Qc2 51. Qf6+ Kg8 52. Kh6 Qc7 53.
Qg6+ Kf8 54. Qxe4 Qg7+ 55. Kh5 Qf7+ 56. Kg5 Qxf2 57. Qf5+ Qxf5+ 58. Kxf5 Kf7
59. Ke5 Ke7 60. e4 Kd7 61. Kf6 Ke8 62. e5 Kf8 63. e6 Ke8 64. e7 1-0

[Event "28.Schlosspark-Open"]
[Site "Wiesbaden-Biebrich"]
[Date "2016.08.28"]
[Round "6.18"]
[White "Köllner, Aaron Noah"]
[Black "Bösch, Udo"]
[Result "0-1"]
[WhiteElo "1819"]
[BlackElo "2101"]
[PlyCount "120"]
[EventDate "2016.??.??"]
[WhiteTeam "SV Bergneustadt/Derschlag"]
[BlackTeam "SK Ebringen"]

1. d4 d5 2. Nf3 Nf6 3. e3 g6 4. Nbd2 Bg7 5. b4 a5 6. b5 O-O 7. c4 dxc4 8. Bxc4
Nbd7 9. a4 c5 10. Bb2 cxd4 11. Bxd4 Nb6 12. Bb3 Bf5 13. O-O Ne4 14. Nxe4 Bxe4
15. Bxg7 Kxg7 16. Ng5 Bd3 17. Bxf7 Qd6 18. Bb3 Rf6 19. Re1 Rd8 20. Qg4 Bf5 21.
Qh4 h6 22. Nf3 g5 23. Qd4 g4 24. Nh4 Bc8 25. Qxd6 Rfxd6 26. Red1 Rd3 27. Bc2
Rd2 28. Rxd2 Rxd2 29. Nf5+ Kf6 30. Nd4 e5 31. Rd1 Rxd1+ 32. Bxd1 exd4 33. exd4
Nd5 34. f3 gxf3 35. gxf3 Nc3 36. Bc2 Ne2+ 37. Kf2 Nxd4 38. Bd1 Nf5 39. Ke2 Ke5
40. Kd3 b6 41. Ke2 Kf4 42. Kd3 Be6 43. Ke2 Bc4+ 44. Kf2 Ne3 45. Be2 Bxe2 46.
Kxe2 h5 47. h4 Ng2 48. Kd3 Nxh4 49. Kd4 Nxf3+ 50. Kd5 Ne5 51. Kd6 h4 52. Kc7
Nc4 53. Kc6 h3 54. Kd5 Ne5 55. Kd6 h2 56. Kc7 Nc4 57. Kb7 h1=Q+ 58. Ka7 Ke5 59.
Kb8 Kd6 60. Ka7 Kc7 0-1

[Event "28.Schlosspark-Open"]
[Site "Wiesbaden-Biebrich"]
[Date "2016.08.28"]
[Round "6.19"]
[White "KÃ¶llner, Christof"]
[Black "Sefeloge, Michael"]
[Result "1-0"]
[WhiteElo "2130"]
[BlackElo "1846"]
[PlyCount "98"]
[EventDate "2016.??.??"]
[WhiteTeam "SV Bergneustadt/Derschlag"]
[BlackTeam "SV Lahnstein"]

1. d4 d5 2. Nc3 e6 3. Bf4 c6 4. e3 Nf6 5. Bd3 Bd6 6. Bxd6 Qxd6 7. Nf3 Nbd7 8.
O-O O-O 9. e4 dxe4 10. Nxe4 Nxe4 11. Bxe4 Nf6 12. Bd3 Rd8 13. Qe2 b6 14. Rad1
Bb7 15. c3 Rac8 16. Ng5 Qd5 17. Ne4 Nxe4 18. Bxe4 Qg5 19. g3 Qe7 20. Rd2 g6 21.
Rfd1 Qc7 22. h4 e5 23. dxe5 Rxd2 24. Qxd2 Qxe5 25. Bg2 Qc7 26. Qd7 Ba6 27. Rd6
Bb7 28. b4 b5 29. Kf1 a6 30. Ke2 Kg7 31. Qxc7 Rxc7 32. Kd3 Kf8 33. Rd8+ Ke7 34.
Rh8 h5 35. Bh3 c5 36. Rb8 cxb4 37. cxb4 Bd5 38. a3 f5 39. Kd4 Be4 40. Rb6 Rc6
41. Rxc6 Bxc6 42. Kc5 Bd7 43. Kb6 Kd6 44. Kxa6 Ke5 45. Bf1 f4 46. Bxb5 Bc8+ 47.
Kb6 fxg3 48. fxg3 Kf5 49. Bd3+ Kg4 1-0

[Event "28.Schlosspark-Open"]
[Site "Wiesbaden-Biebrich"]
[Date "2016.08.28"]
[Round "6.20"]
[White "BÃ¤umer, Frank"]
[Black "HÃ¶glauer, Patrick"]
[Result "0-1"]
[WhiteElo "1960"]
[BlackElo "2153"]
[PlyCount "70"]
[EventDate "2016.??.??"]
[WhiteTeam "Gambit Gusenburg"]
[BlackTeam "SC Grunbach"]

1. e4 c5 2. Nf3 e6 3. c3 Nf6 4. d3 d5 5. Nbd2 Nc6 6. Be2 Be7 7. O-O b5 8. e5
Nd7 9. d4 Qb6 10. dxc5 Qb8 11. Nd4 Ndxe5 12. b4 a6 13. f4 Ng6 14. f5 exf5 15.
Nxf5 Qe5 16. Nxe7 Ncxe7 17. Nf3 Qxc3 18. Bd2 Qb2 19. Rb1 Qf6 20. Bg5 Qe6 21.
Nd4 Qe5 22. Bxe7 Qxe7 23. Nf5 Qe5 24. Nd6+ Ke7 25. Rxf7+ Kd8 26. Rf3 Kc7 27.
Nf7 Qe4 28. Nxh8 Ne5 29. Rg3 Bf5 30. Rc1 Rxh8 31. Bf3 Qe3+ 32. Kh1 Nd3 33. Rc2
Re8 34. Rxg7+ Kb8 35. h3 Qd4 0-1

[Event "28.Schlosspark-Open"]
[Site "Wiesbaden-Biebrich"]
[Date "2016.08.28"]
[Round "6.21"]
[White "Wiewesiek, Timo"]
[Black "Leidorf, Sebastian"]
[Result "1/2-1/2"]
[WhiteElo "1903"]
[BlackElo "2097"]
[PlyCount "67"]
[EventDate "2016.??.??"]
[WhiteTeam "Schachforum Darmstadt"]
[BlackTeam "SV Bergwinkel"]

1. d4 e6 2. Bf4 d5 3. Nf3 c5 4. e3 Nc6 5. c3 Nf6 6. Nbd2 Bd6 7. dxc5 Bxc5 8.
Be2 O-O 9. O-O b6 10. b4 Bd6 11. Bxd6 Qxd6 12. Qb3 Bb7 13. Rac1 Rac8 14. Rfd1
Rfd8 15. Nf1 Ne4 16. Ng3 Nxg3 17. hxg3 Ne5 18. Nd4 Nc4 19. Nb5 Qb8 20. Na3 Qa8
21. Bf1 Nd6 22. c4 dxc4 23. Nxc4 Nxc4 24. Rxd8+ Rxd8 25. Bxc4 Bxg2 26. Rd1 Bf3
27. Rd3 h5 28. Qc3 Rxd3 29. Qxd3 Bd5 30. a3 Qc6 31. Bxd5 Qxd5 32. Qc3 a5 33.
Qc8+ Kh7 34. Qc7 1/2-1/2

[Event "28.Schlosspark-Open"]
[Site "Wiesbaden-Biebrich"]
[Date "2016.08.28"]
[Round "6.23"]
[White "MÃ¼ller, Peter"]
[Black "Rolf, Marco"]
[Result "1/2-1/2"]
[WhiteElo "1912"]
[BlackElo "2058"]
[PlyCount "66"]
[EventDate "2016.??.??"]
[WhiteTeam "Godesberger SK"]
[BlackTeam "SK Bad Homburg"]

1. e4 e6 2. d4 d5 3. Nc3 Nf6 4. Bg5 dxe4 5. Nxe4 Be7 6. Bxf6 gxf6 7. Nf3 f5 8.
Nc3 a6 9. g3 b5 10. Bg2 Bb7 11. O-O Qd6 12. Re1 Nd7 13. Qe2 Nb6 14. Ne5 Bxg2
15. Kxg2 h5 16. h4 b4 17. Nd1 Qxd4 18. c4 Bf6 19. a3 bxa3 20. Nf3 Qxc4 21. Rxa3
Qxe2 22. Rxe2 Nd5 23. Rc2 Kd7 24. Rc4 Rhb8 25. Ng5 Bxb2 26. Nxb2 Rxb2 27. Nxf7
Rab8 28. Rca4 f4 29. Ne5+ Ke8 30. Rxa6 fxg3 31. Kxg3 R8b3+ 32. Rxb3 Rxb3+ 33.
Nf3 Rb6 1/2-1/2